Strzałkowa Łamigłówka #1 - nagła śmierć - Statystyki

Ogólne statystyki
  • Ten quiz został rozwiązany 301 razy
  • Średni wynik to 21 z 67
Answers on the Grid
Answers color-coded by a green-red scale on the quiz's grid according to % correct below.
 
Statystyki odpowiedzi
Odpowiedź % Poprawnych
80%
68%
46%
46%
46%
45%
42%
42%
40%
39%
35%
34%
34%
33%
33%
33%
32%
32%
31%
31%
31%
31%
31%
31%
30%
30%
30%
29%
29%
28%
28%
28%
28%
28%
28%
28%
28%
28%
28%
28%
28%
28%
28%
28%
28%
28%
28%
27%
27%
27%
26%
26%
26%
26%
26%
26%
26%
26%
26%
25%
25%
25%
25%
25%
25%
24%
23%
Nie znaleziono quizów pasujących do podanych kryteriów
Rozkład punktacji
Procent ludzi z każdym wynikiem
Percentyl według liczby udzielonych odpowiedzi
Twoja historia wyników
Nie rozwiązałeś tego quizu